[Event "Kingston Invitational FIDE"]
[Site "Kingston University"]
[Date "2023.07.26"]
[Round "4.3"]
[White "Taylor, William J"]
[Black "Josse, Mark"]
[Result "0-1"]
[WhiteElo "1985"]
[BlackElo "2175"]
[PlyCount "108"]
[EventDate "2023.07.24"]
[EventType "tourn"]
[EventRounds "9"]
[EventCountry "ENG"]
[SourceTitle "BritBase"]
[Source "John Saunders"]
[SourceDate "2023.07.31"]
[SourceVersion "1"]
[SourceVersionDate "2023.07.31"]
[SourceQuality "1"]

1. e4 c5 2. Nf3 e6 3. c3 d5 4. exd5 Qxd5 5. d4 Nf6 6. Na3 Qd8 7. Nc4 Be7 8. Be3
Nd5 9. Be2 O-O 10. O-O Nc6 11. a4 cxd4 12. Nxd4 Nxe3 13. fxe3 Qc7 14. Nb5 Qb8
15. Bf3 Ne5 16. Nxe5 Qxe5 17. Qd4 Qg5 18. Qf4 a6 19. Na3 Qc5 20. Qd4 Rb8 21.
Rfe1 b5 22. Qxc5 Bxc5 23. b4 Be7 24. axb5 axb5 25. Bc6 Ba6 26. Nc2 Rb6 27. Bd7
Rd8 28. Red1 Bd6 29. Rxa6 Rxa6 30. Bxb5 Rb6 31. Bd3 Rc8 32. Na3 Be7 33. Nb5
Rcb8 34. Nd4 e5 35. Nf5 Bf8 36. b5 g6 37. Ng3 Kg7 38. c4 f5 39. Be2 Bc5 40. Nf1
Kf6 41. Rd5 Rc8 42. Kf2 Rd6 43. Rxd6+ Bxd6 44. Nd2 Bc5 45. Nb3 Bb6 46. Nd2 g5
47. g3 e4 48. Nf1 Ke5 49. Ke1 Ra8 50. Bd1 Ra2 51. Be2 Kd6 52. Kf2 f4 53. gxf4
gxf4 54. Ke1 f3 0-1

[Event "Kingston Invitational FIDE"]
[Site "Kingston University"]
[Date "2023.07.26"]
[Round "4.4"]
[White "Hill, Alistair"]
[Black "Bergsson, Stefan"]
[Result "1-0"]
[WhiteElo "2173"]
[BlackElo "2169"]
[PlyCount "77"]
[EventDate "2023.07.24"]
[EventType "tourn"]
[EventRounds "9"]
[EventCountry "ENG"]
[SourceTitle "BritBase"]
[Source "John Saunders"]
[SourceDate "2023.07.31"]
[SourceVersion "1"]
[SourceVersionDate "2023.07.31"]
[SourceQuality "1"]

1. e4 c5 2. Nf3 d6 3. d4 cxd4 4. Nxd4 Nf6 5. Nc3 a6 6. g3 e5 7. Nde2 Be7 8. Bg2
Be6 9. O-O Nbd7 10. h3 Rc8 11. g4 b5 12. Ng3 Nb6 13. Nd5 Nfxd5 14. exd5 Bd7 15.
Be4 h5 16. Kg2 hxg4 17. hxg4 g6 18. Rh1 Rh4 19. f3 Na4 20. c3 a5 21. Bc2 Nc5
22. Qd2 Rxh1 23. Kxh1 Bf8 24. Kg2 Bg7 25. Qe2 Kf8 26. Be3 b4 27. c4 Qc7 28. Rh1
a4 29. Bb1 b3 30. a3 Re8 31. Bh6 Bxh6 32. Rxh6 Kg7 33. Qd2 Rg8 34. Qg5 Kf8 35.
Rh7 e4 36. Bxe4 Nxe4 37. Nxe4 Bf5 38. Nf6 Qxc4 39. Qh6+ 1-0

[Event "Kingston Invitational FIDE"]
[Site "Kingston University"]
[Date "2023.07.26"]
[Round "4.5"]
[White "Seymour, Timothy P"]
[Black "Johnson, Daniel"]
[Result "1/2-1/2"]
[WhiteElo "2086"]
[BlackElo "2224"]
[PlyCount "49"]
[EventDate "2023.07.24"]
[EventType "tourn"]
[EventRounds "9"]
[EventCountry "ENG"]
[SourceTitle "BritBase"]
[Source "John Saunders"]
[SourceDate "2023.07.31"]
[SourceVersion "1"]
[SourceVersionDate "2023.07.31"]
[SourceQuality "1"]

1. Nf3 d5 2. e3 Nf6 3. c4 e6 4. Nc3 b6 5. b3 Bb7 6. Bb2 Nbd7 7. Rc1 a6 8. cxd5
exd5 9. Ne2 Bd6 10. Ned4 c5 11. Nf5 Bf8 12. Be2 g6 13. Ng3 Bg7 14. O-O O-O 15.
d4 Rc8 16. Rc2 Ne4 17. Qa1 Qe7 18. Rfc1 Rfe8 19. a4 a5 20. Bb5 Bc6 21. Ba6 Ra8
22. Bf1 Rac8 23. Ba6 Ra8 24. Bf1 Rac8 25. Ba6 1/2-1/2

[Event "Kingston Invitational FIDE"]
[Site "Kingston University"]
[Date "2023.07.26"]
[Round "5.1"]
[White "Johnson, Daniel"]
[Black "Varney, Zoe"]
[Result "1-0"]
[WhiteElo "2224"]
[BlackElo "2020"]
[PlyCount "109"]
[EventDate "2023.07.24"]
[EventType "tourn"]
[EventRounds "9"]
[EventCountry "ENG"]
[SourceTitle "BritBase"]
[Source "John Saunders"]
[SourceDate "2023.07.31"]
[SourceVersion "1"]
[SourceVersionDate "2023.07.31"]
[SourceQuality "1"]

1. d4 d5 2. c4 e6 3. Nc3 a6 4. cxd5 exd5 5. Bf4 Nf6 6. e3 c5 7. Nf3 c4 8. Be2
b5 9. a3 Bb7 10. O-O Be7 11. Ne5 Nbd7 12. Qc2 O-O 13. Rfd1 Nb6 14. Bf3 Ne8 15.
Be2 f6 16. Nf3 Qd7 17. b3 a5 18. a4 b4 19. Nb5 Rc8 20. Nd2 c3 21. Nf3 Bc6 22.
h4 Qb7 23. Bd3 h6 24. h5 Bd7 25. Nh4 f5 26. Nxf5 Bxf5 27. Bxf5 Rc6 28. Be5 Bh4
29. g3 Bf6 30. Bf4 Qe7 31. Re1 Bg5 32. Be5 Qf7 33. Bh7+ Kh8 34. Bg6 Qf3 35. Qe2
Qxe2 36. Rxe2 Be7 37. Kg2 Nf6 38. Na7 Re6 39. Bf5 Rxe5 40. dxe5 Nfd7 41. Bxd7
Nxd7 42. Nc6 Re8 43. Nxa5 Rc8 44. Rd1 Nxe5 45. Rxd5 Ng4 46. Rc2 Rf8 47. Rd4 Ne5
48. f4 Ng4 49. Kf3 Nxe3 50. Kxe3 Bc5 51. Kd3 Bxd4 52. Kxd4 Rd8+ 53. Ke3 Rd6 54.
Nc4 Rd5 55. Ne5 1-0

[Event "Kingston Invitational FIDE"]
[Site "Kingston University"]
[Date "2023.07.26"]
[Round "5.2"]
[White "Bergsson, Stefan"]
[Black "Seymour, Timothy P"]
[Result "0-1"]
[WhiteElo "2169"]
[BlackElo "2086"]
[PlyCount "60"]
[EventDate "2023.07.24"]
[EventType "tourn"]
[EventRounds "9"]
[EventCountry "ENG"]
[SourceTitle "BritBase"]
[Source "John Saunders"]
[SourceDate "2023.07.31"]
[SourceVersion "1"]
[SourceVersionDate "2023.07.31"]
[SourceQuality "1"]

1. e4 e5 2. Bc4 Nf6 3. d3 Nc6 4. Nc3 Na5 5. Bb3 Nxb3 6. axb3 Bb4 7. Nge2 d5 8.
exd5 Nxd5 9. O-O O-O 10. Kh1 Be6 11. f4 exf4 12. Bxf4 Bg4 13. Ne4 f5 14. N4g3
Nxf4 15. Rxf4 Bd6 16. Rfa4 Bxg3 17. Rxg4 fxg4 18. Nxg3 Rf4 19. Nh5 Rf5 20. Qxg4
Qg5 21. Qc4+ Kh8 22. Ng3 Rc5 23. Qf7 Rxc2 24. Rxa7 Rc1+ 25. Nf1 Rd8 26. Rxb7
Qf6 27. Qxf6 gxf6 28. Kg1 Rxd3 29. Rb5 Kg7 30. g4 Rf3 0-1

[Event "Kingston Invitational FIDE"]
[Site "Kingston University"]
[Date "2023.07.26"]
[Round "5.3"]
[White "Josse, Mark"]
[Black "Hill, Alistair"]
[Result "1/2-1/2"]
[WhiteElo "2175"]
[BlackElo "2173"]
[PlyCount "29"]
[EventDate "2023.07.24"]
[EventType "tourn"]
[EventRounds "9"]
[EventCountry "ENG"]
[SourceTitle "BritBase"]
[Source "John Saunders"]
[SourceDate "2023.07.31"]
[SourceVersion "1"]
[SourceVersionDate "2023.07.31"]
[SourceQuality "1"]

1. e4 c6 2. Nc3 d5 3. Nf3 Bg4 4. h3 Bxf3 5. Qxf3 e6 6. d3 h5 7. Bd2 Nd7 8.
O-O-O Ngf6 9. d4 dxe4 10. Nxe4 Nxe4 11. Qxe4 Nf6 12. Qe3 Qd5 13. c4 Qe4 14.
Qxe4 Nxe4 15. Be3 1/2-1/2

[Event "Kingston Invitational FIDE"]
[Site "Kingston University"]
[Date "2023.07.26"]
[Round "5.4"]
[White "Willmoth, Robert F"]
[Black "Taylor, William J"]
[Result "1/2-1/2"]
[WhiteElo "2129"]
[BlackElo "1985"]
[PlyCount "35"]
[EventDate "2023.07.24"]
[EventType "tourn"]
[EventRounds "9"]
[EventCountry "ENG"]
[SourceTitle "BritBase"]
[Source "John Saunders"]
[SourceDate "2023.07.31"]
[SourceVersion "1"]
[SourceVersionDate "2023.07.31"]
[SourceQuality "1"]

1. d4 d5 2. Nf3 Nf6 3. Bg5 Ne4 4. Bh4 c5 5. dxc5 Nc6 6. e3 g6 7. Be2 Bg7 8. c3
O-O 9. Nbd2 Nxc5 10. O-O a5 11. Nd4 Re8 12. Bf3 Ne5 13. Be2 Nc6 14. Rc1 Qb6 15.
b3 Bd7 16. a3 e5 17. Nxc6 bxc6 18. b4 1/2-1/2

[Event "Kingston Invitational FIDE"]
[Site "Kingston University"]
[Date "2023.07.26"]
[Round "5.5"]
[White "Makepeace, Philip J"]
[Black "Healey, Michael W"]
[Result "1-0"]
[WhiteElo "2055"]
[BlackElo "2136"]
[PlyCount "67"]
[EventDate "2023.07.24"]
[EventType "tourn"]
[EventRounds "9"]
[EventCountry "ENG"]
[SourceTitle "BritBase"]
[Source "John Saunders"]
[SourceDate "2023.07.31"]
[SourceVersion "1"]
[SourceVersionDate "2023.07.31"]
[SourceQuality "1"]

1. e4 e5 2. Nf3 Nc6 3. d4 exd4 4. Nxd4 g6 5. Nc3 Bg7 6. Be3 Nf6 7. Nxc6 bxc6 8.
e5 Ng8 9. f4 f6 10. Bc4 fxe5 11. O-O d5 12. Nxd5 cxd5 13. Bxd5 Bg4 14. Bc6+ Bd7
15. Qf3 Ne7 16. Bxd7+ Kxd7 17. Rad1+ Ke8 18. Rxd8+ Rxd8 19. Bc5 Rf8 20. Qa3 Rd7
21. Bxe7 Rxe7 22. Qa4+ Rd7 23. Re1 Kd8 24. fxe5 Bxe5 25. Qe4 Rf5 26. Qa8+ Ke7
27. Qc6 Rd6 28. Qxc7+ Kf6 29. g4 Rf4 30. g5+ Kf5 31. Qc8+ Re6 32. Qd7 Rg4+ 33.
Kh1 Rxg5 34. Rf1+ 1-0

[Event "Kingston Invitational FIDE"]
[Site "Kingston University"]
[Date "2023.07.27"]
[Round "6.1"]
[White "Varney, Zoe"]
[Black "Healey, Michael W"]
[Result "1-0"]
[WhiteElo "2020"]
[BlackElo "2136"]
[PlyCount "33"]
[EventDate "2023.07.24"]
[EventType "tourn"]
[EventRounds "9"]
[EventCountry "ENG"]
[SourceTitle "BritBase"]
[Source "John Saunders"]
[SourceDate "2023.07.31"]
[SourceVersion "1"]
[SourceVersionDate "2023.07.31"]
[SourceQuality "1"]

1. e4 e5 2. Nf3 Nc6 3. Nc3 Nf6 4. d4 exd4 5. Nxd4 Bb4 6. Nxc6 bxc6 7. Bd3 d5 8.
exd5 cxd5 9. O-O O-O 10. Bg5 c6 11. Qf3 Be7 12. Rfe1 Rb8 13. Rab1 h6 14. Bxh6
gxh6 15. Qe3 Be6 16. Qxh6 Rb4 17. Re5 1-0

[Event "Kingston Invitational FIDE"]
[Site "Kingston University"]
[Date "2023.07.27"]
[Round "6.2"]
[White "Taylor, William J"]
[Black "Makepeace, Philip J"]
[Result "1/2-1/2"]
[WhiteElo "1985"]
[BlackElo "2055"]
[PlyCount "62"]
[EventDate "2023.07.24"]
[EventType "tourn"]
[EventRounds "9"]
[EventCountry "ENG"]
[SourceTitle "BritBase"]
[Source "John Saunders"]
[SourceDate "2023.07.31"]
[SourceVersion "1"]
[SourceVersionDate "2023.07.31"]
[SourceQuality "1"]

1. e4 c6 2. d4 d5 3. exd5 cxd5 4. Bd3 Nc6 5. c3 Qc7 6. h3 Nf6 7. Nf3 g6 8. O-O
Bg7 9. Re1 O-O 10. Ne5 Nxe5 11. Rxe5 e6 12. Re1 Nd7 13. Nd2 e5 14. dxe5 Nxe5
15. Bf1 d4 16. cxd4 Nc6 17. Nf3 Be6 18. Be3 Bd5 19. Be2 Qb6 20. Qa4 Qxb2 21.
Rab1 Qxa2 22. Qxa2 Bxa2 23. Rxb7 Bd5 24. Rd7 Rfd8 25. Rxd8+ Rxd8 26. Ra1 Ra8
27. Ra6 Nb4 28. Ra5 Bf6 29. Bd2 Rb8 30. Rxa7 Bxf3 31. Bxf3 Bxd4 1/2-1/2

[Event "Kingston Invitational FIDE"]
[Site "Kingston University"]
[Date "2023.07.27"]
[Round "6.3"]
[White "Hill, Alistair"]
[Black "Willmoth, Robert F"]
[Result "1/2-1/2"]
[WhiteElo "2173"]
[BlackElo "2129"]
[PlyCount "66"]
[EventDate "2023.07.24"]
[EventType "tourn"]
[EventRounds "9"]
[EventCountry "ENG"]
[SourceTitle "BritBase"]
[Source "John Saunders"]
[SourceDate "2023.07.31"]
[SourceVersion "1"]
[SourceVersionDate "2023.07.31"]
[SourceQuality "1"]

1. Nf3 d6 2. d4 Bg4 3. e4 Nf6 4. h3 Bh5 5. Bd3 e6 6. Qe2 Be7 7. Nc3 d5 8. Be3
Bb4 9. exd5 Nxd5 10. Bd2 Nc6 11. g4 Bg6 12. a3 Nxc3 13. Bxc3 Bxc3+ 14. bxc3 Qd5
15. c4 Qa5+ 16. Qd2 Qxd2+ 17. Kxd2 O-O-O 18. Ke3 Bxd3 19. cxd3 f6 20. g5 Rd7
21. gxf6 gxf6 22. Rhg1 Rhd8 23. Rg4 Ne7 24. Ke2 Nf5 25. Rag1 b6 26. Rg8 Kb7 27.
Rxd8 Rxd8 28. Rg4 c6 29. Re4 Re8 30. Kd2 Kc7 31. Nh4 Nxh4 32. Rxh4 Re7 33. Rg4
Kd7 1/2-1/2

[Event "Kingston Invitational FIDE"]
[Site "Kingston University"]
[Date "2023.07.27"]
[Round "6.4"]
[White "Seymour, Timothy P"]
[Black "Josse, Mark"]
[Result "1-0"]
[WhiteElo "2086"]
[BlackElo "2175"]
[PlyCount "69"]
[EventDate "2023.07.24"]
[EventType "tourn"]
[EventRounds "9"]
[EventCountry "ENG"]
[SourceTitle "BritBase"]
[Source "John Saunders"]
[SourceDate "2023.07.31"]
[SourceVersion "1"]
[SourceVersionDate "2023.07.31"]
[SourceQuality "1"]

1. Nf3 Nf6 2. e3 e6 3. c4 c5 4. Nc3 Be7 5. d4 cxd4 6. exd4 O-O 7. d5 Bb4 8. Bd3
e5 9. Bg5 h6 10. Bxf6 Bxc3+ 11. bxc3 Qxf6 12. d6 e4 13. Bxe4 Re8 14. Nd2 Qxd6
15. O-O Nc6 16. Re1 Re6 17. Bd5 Rxe1+ 18. Qxe1 Qe7 19. Bxc6 Qxe1+ 20. Rxe1 bxc6
21. Re8+ Kh7 22. h4 Rb8 23. Nb3 Kg6 24. Kh2 f6 25. Nc5 Kf7 26. Rh8 Ke7 27. Rg8
d6 28. Na6 Rb6 29. Nb4 a5 30. Rxg7+ Ke6 31. Nc2 c5 32. Ne3 Bb7 33. f4 Be4 34.
f5+ Bxf5 35. Nd5 1-0

[Event "Kingston Invitational FIDE"]
[Site "Kingston University"]
[Date "2023.07.27"]
[Round "6.5"]
[White "Johnson, Daniel"]
[Black "Bergsson, Stefan"]
[Result "1/2-1/2"]
[WhiteElo "2224"]
[BlackElo "2169"]
[PlyCount "38"]
[EventDate "2023.07.24"]
[EventType "tourn"]
[EventRounds "9"]
[EventCountry "ENG"]
[SourceTitle "BritBase"]
[Source "John Saunders"]
[SourceDate "2023.07.31"]
[SourceVersion "1"]
[SourceVersionDate "2023.07.31"]
[SourceQuality "1"]

1. Nf3 c5 2. g3 Nc6 3. d4 cxd4 4. Nxd4 Nf6 5. Bg2 Qb6 6. Nb3 d5 7. O-O Bf5 8.
Be3 Qc7 9. Nc3 e6 10. Nb5 Qd7 11. N5d4 Be4 12. Nxc6 bxc6 13. Nc5 Bxc5 14. Bxc5
Bxg2 15. Kxg2 Ne4 16. Ba3 Nd6 17. Bxd6 Qxd6 18. c4 O-O 19. cxd5 cxd5 1/2-1/2

[Event "Kingston Invitational FIDE"]
[Site "Kingston University"]
[Date "2023.07.27"]
[Round "7.1"]
[White "Bergsson, Stefan"]
[Black "Varney, Zoe"]
[Result "1-0"]
[WhiteElo "2169"]
[BlackElo "2020"]
[PlyCount "75"]
[EventDate "2023.07.24"]
[EventType "tourn"]
[EventRounds "9"]
[EventCountry "ENG"]
[SourceTitle "BritBase"]
[Source "John Saunders"]
[SourceDate "2023.07.31"]
[SourceVersion "1"]
[SourceVersionDate "2023.07.31"]
[SourceQuality "1"]

1. e4 e5 2. Bc4 Nf6 3. d3 Nc6 4. Nc3 Na5 5. Bb3 Nxb3 6. axb3 d5 7. Nf3 dxe4 8.
Nxe5 exd3 9. O-O Be7 10. Nxd3 O-O 11. Qf3 c6 12. h3 Qc7 13. Re1 Bd6 14. Bg5 Nd7
15. Be7 Ne5 16. Rxe5 Bxe5 17. Bxf8 Kxf8 18. Qe4 Bxc3 19. bxc3 f5 20. Qh4 h6 21.
Re1 Qd6 22. Ne5 Qf6 23. Ng6+ Kf7 24. Nh8+ Kf8 25. Qb4+ Kg8 26. Re8+ Kh7 27. Qf4
Qxc3 28. Nf7 Qxc2 29. Rh8+ Kg6 30. Ne5+ Kf6 31. Rf8+ Ke6 32. Nc4 Qd1+ 33. Kh2
Ke7 34. Rg8 b5 35. Qe5+ Be6 36. Rxg7+ Kd8 37. Qc7+ Ke8 38. Qe7# 1-0

[Event "Kingston Invitational FIDE"]
[Site "Kingston University"]
[Date "2023.07.27"]
[Round "7.2"]
[White "Josse, Mark"]
[Black "Johnson, Daniel"]
[Result "1/2-1/2"]
[WhiteElo "2175"]
[BlackElo "2224"]
[PlyCount "39"]
[EventDate "2023.07.24"]
[EventType "tourn"]
[EventRounds "9"]
[EventCountry "ENG"]
[SourceTitle "BritBase"]
[Source "John Saunders"]
[SourceDate "2023.07.31"]
[SourceVersion "1"]
[SourceVersionDate "2023.07.31"]
[SourceQuality "1"]

1. c4 e6 2. Nc3 d5 3. d4 Nf6 4. cxd5 exd5 5. Bg5 c6 6. e3 Bd6 7. Bd3 O-O 8.
Nge2 Re8 9. Qc2 h6 10. Bf4 a5 11. h3 Na6 12. a3 Nc7 13. O-O Ne6 14. Bxd6 Qxd6
15. Ng3 b5 16. Rfc1 Bd7 17. Qd1 Ng5 18. Bf5 Bxf5 19. Nxf5 Qd7 20. Ng3 1/2-1/2

[Event "Kingston Invitational FIDE"]
[Site "Kingston University"]
[Date "2023.07.27"]
[Round "7.3"]
[White "Willmoth, Robert F"]
[Black "Seymour, Timothy P"]
[Result "1/2-1/2"]
[WhiteElo "2129"]
[BlackElo "2086"]
[PlyCount "87"]
[EventDate "2023.07.24"]
[EventType "tourn"]
[EventRounds "9"]
[EventCountry "ENG"]
[SourceTitle "BritBase"]
[Source "John Saunders"]
[SourceDate "2023.07.31"]
[SourceVersion "1"]
[SourceVersionDate "2023.07.31"]
[SourceQuality "1"]

1. d4 d5 2. Nf3 Nf6 3. e3 c5 4. b3 cxd4 5. exd4 Nc6 6. Bb2 Bg4 7. Be2 e6 8. O-O
Bd6 9. Nbd2 O-O 10. h3 Bh5 11. Ne5 Bxe2 12. Qxe2 Nd7 13. Nxc6 bxc6 14. c4 a5
15. Rfd1 Re8 16. Nf3 Qe7 17. Qc2 Rec8 18. Rac1 Qe8 19. g3 Nf6 20. Qd3 Ne4 21.
Rc2 Qd8 22. Rdc1 g6 23. h4 h5 24. Kg2 Bf8 25. Rd1 a4 26. c5 axb3 27. axb3 Bg7
28. Bc1 Qa5 29. Bf4 Ra7 30. Ne5 Rb7 31. Rb1 Nf6 32. b4 Qa4 33. Qb3 Qxb3 34.
Rxb3 Ne8 35. Ra2 Bxe5 36. Bxe5 f6 37. Bf4 Nc7 38. Bxc7 Rcxc7 39. Ra8+ Kf7 40.
f4 e5 41. fxe5 fxe5 42. dxe5 Ke6 43. Re8+ Re7 44. Rg8 1/2-1/2

[Event "Kingston Invitational FIDE"]
[Site "Kingston University"]
[Date "2023.07.27"]
[Round "7.4"]
[White "Makepeace, Philip J"]
[Black "Hill, Alistair"]
[Result "1/2-1/2"]
[WhiteElo "2055"]
[BlackElo "2173"]
[PlyCount "45"]
[EventDate "2023.07.24"]
[EventType "tourn"]
[EventRounds "9"]
[EventCountry "ENG"]
[SourceTitle "BritBase"]
[Source "John Saunders"]
[SourceDate "2023.07.31"]
[SourceVersion "1"]
[SourceVersionDate "2023.07.31"]
[SourceQuality "1"]

1. e4 c6 2. d4 d5 3. Nc3 dxe4 4. Nxe4 Bf5 5. Ng3 Bg6 6. Bc4 e6 7. N1e2 Bd6 8.
Nf4 Bxf4 9. Bxf4 Nf6 10. O-O O-O 11. c3 Nbd7 12. Re1 Qb6 13. Qe2 Rfe8 14. a4 a5
15. Ra3 Rac8 16. b4 axb4 17. Rb3 Qa7 18. Rxb4 Nb6 19. Be5 Nfd5 20. Bxd5 exd5
21. Qd1 f6 22. Bf4 Qa6 23. h4 1/2-1/2

[Event "Kingston Invitational FIDE"]
[Site "Kingston University"]
[Date "2023.07.27"]
[Round "7.5"]
[White "Healey, Michael W"]
[Black "Taylor, William J"]
[Result "1-0"]
[WhiteElo "2136"]
[BlackElo "1985"]
[PlyCount "95"]
[EventDate "2023.07.24"]
[EventType "tourn"]
[EventRounds "9"]
[EventCountry "ENG"]
[SourceTitle "BritBase"]
[Source "John Saunders"]
[SourceDate "2023.07.31"]
[SourceVersion "1"]
[SourceVersionDate "2023.07.31"]
[SourceQuality "1"]

1. e4 c5 2. Nc3 Nc6 3. Nge2 Nf6 4. g3 d5 5. exd5 Nd4 6. Bg2 Bg4 7. h3 Bf3 8.
Bxf3 Nxf3+ 9. Kf1 Nd4 10. d3 Nxd5 11. Nxd4 cxd4 12. Ne2 e5 13. c4 dxc3 14. Qa4+
Qd7 15. Qxd7+ Kxd7 16. bxc3 Rc8 17. Bd2 Bd6 18. Kg2 Rc7 19. Rab1 Rhc8 20. Rb3
b6 21. Re1 g6 22. c4 Ne7 23. Nc3 Rc6 24. Bg5 Ng8 25. Nd5 Bb8 26. a4 f6 27. Bd2
Ne7 28. Nc3 Nf5 29. a5 Nd4 30. Rb2 bxa5 31. Na4 Bc7 32. Reb1 Bb6 33. Be3 Bc5
34. Rb7+ R8c7 35. Rb8 Bb4 36. Rh8 Kd6 37. Rb2 Ne6 38. Re2 Nc5 39. Bxc5+ Bxc5
40. f4 Bd4 41. Rb8 Re7 42. Rb5 Ra6 43. Rd5+ Ke6 44. Rxd4 Kf7 45. Rd5 exf4 46.
Rxe7+ Kxe7 47. gxf4 Re6 48. Kf2 1-0

[Event "Kingston Invitational FIDE"]
[Site "Kingston University"]
[Date "2023.07.28"]
[Round "8.1"]
[White "Varney, Zoe"]
[Black "Taylor, William J"]
[Result "1/2-1/2"]
[WhiteElo "2020"]
[BlackElo "1985"]
[PlyCount "45"]
[EventDate "2023.07.24"]
[EventType "tourn"]
[EventRounds "9"]
[EventCountry "ENG"]
[SourceTitle "BritBase"]
[Source "John Saunders"]
[SourceDate "2023.07.31"]
[SourceVersion "1"]
[SourceVersionDate "2023.07.31"]
[SourceQuality "1"]

1. d4 d5 2. c4 e6 3. Nf3 Nf6 4. Nc3 a6 5. cxd5 exd5 6. Bg5 Be6 7. e3 Nbd7 8.
Bd3 Bd6 9. O-O c6 10. Qe2 h6 11. Bh4 Qc7 12. Rac1 O-O 13. Bb1 Rae8 14. Qd3 g6
15. Bg3 Bf5 16. Qd1 Bxb1 17. Bxd6 Qxd6 18. Rxb1 Ne4 19. Ne2 Qe7 20. b4 Nd6 21.
Nd2 b5 22. Qb3 Ra8 23. Qc2 1/2-1/2

[Event "Kingston Invitational FIDE"]
[Site "Kingston University"]
[Date "2023.07.28"]
[Round "8.2"]
[White "Hill, Alistair"]
[Black "Healey, Michael W"]
[Result "1-0"]
[WhiteElo "2173"]
[BlackElo "2136"]
[PlyCount "135"]
[EventDate "2023.07.24"]
[EventType "tourn"]
[EventRounds "9"]
[EventCountry "ENG"]
[SourceTitle "BritBase"]
[Source "John Saunders"]
[SourceDate "2023.07.31"]
[SourceVersion "1"]
[SourceVersionDate "2023.07.31"]
[SourceQuality "1"]

1. d4 d5 2. c4 e6 3. Nc3 Nf6 4. cxd5 exd5 5. Bg5 c6 6. e3 Bf5 7. Qf3 Bg6 8.
Bxf6 Qxf6 9. Qxf6 gxf6 10. Nf3 Nd7 11. Nh4 Bb4 12. Kd2 Nb6 13. a3 Be7 14. g3 f5
15. Ng2 Nc8 16. h4 f6 17. Nf4 Nd6 18. Bh3 a5 19. b3 Rg8 20. Rhc1 Kf8 21. Na4
Kg7 22. Bf1 Kh6 23. Be2 Bf7 24. Ke1 Rae8 25. Nc5 Bd8 26. Kf1 Re7 27. Rab1 Bc7
28. Rc2 Be8 29. b4 axb4 30. axb4 Bb6 31. b5 Bxc5 32. Rxc5 Ne4 33. Rc2 Rgg7 34.
Bd3 Nd6 35. Kg2 cxb5 36. Kg1 Bc6 37. Rc5 Re8 38. Nxd5 Ra8 39. Nb4 Bf3 40. Bf1
Be4 41. Rbc1 Ra4 42. Nd5 b4 43. Nxf6 Bf3 44. Bg2 Be2 45. e4 Bd3 46. e5 Nb5 47.
Rd1 Be2 48. Rd2 Ra1+ 49. Kh2 Nc3 50. Nd5 Nxd5 51. Bxd5 Bd1 52. Rb5 f4 53. Rxb4
fxg3+ 54. fxg3 Bg4 55. Rxb7 Rg6 56. Be4 Re1 57. Bxg6 Bf3 58. g4 Bxb7 59. Bf5
Bd5 60. Kg3 Rg1+ 61. Kf2 Rh1 62. Re2 Rxh4 63. Kg3 Rh1 64. e6 Kg5 65. Re5 Rg1+
66. Kf2 Rg2+ 67. Kf1 Bb7 68. Be4+ 1-0

[Event "Kingston Invitational FIDE"]
[Site "Kingston University"]
[Date "2023.07.28"]
[Round "8.3"]
[White "Seymour, Timothy P"]
[Black "Makepeace, Philip J"]
[Result "1-0"]
[WhiteElo "2086"]
[BlackElo "2055"]
[PlyCount "47"]
[EventDate "2023.07.24"]
[EventType "tourn"]
[EventRounds "9"]
[EventCountry "ENG"]
[SourceTitle "BritBase"]
[Source "John Saunders"]
[SourceDate "2023.07.31"]
[SourceVersion "1"]
[SourceVersionDate "2023.07.31"]
[SourceQuality "1"]

1. Nf3 Nf6 2. e3 d5 3. c4 e6 4. Nc3 Be7 5. b3 O-O 6. Bb2 c5 7. cxd5 Nxd5 8. h4
Bf6 9. Qb1 Bxc3 10. dxc3 f5 11. g4 fxg4 12. Ng5 g6 13. Bd3 Qf6 14. Qc2 g3 15.
fxg3 c4 16. bxc4 Nxe3 17. Qe2 Qe5 18. Kd2 Qxg3 19. Ne4 Qg4 20. Qxe3 Rf3 21. Qg5
Qxg5+ 22. hxg5 Nd7 23. Ke2 Ne5 24. Nf6+ 1-0

[Event "Kingston Invitational FIDE"]
[Site "Kingston University"]
[Date "2023.07.28"]
[Round "8.4"]
[White "Johnson, Daniel"]
[Black "Willmoth, Robert F"]
[Result "1/2-1/2"]
[WhiteElo "2224"]
[BlackElo "2129"]
[PlyCount "54"]
[EventDate "2023.07.24"]
[EventType "tourn"]
[EventRounds "9"]
[EventCountry "ENG"]
[SourceTitle "BritBase"]
[Source "John Saunders"]
[SourceDate "2023.07.31"]
[SourceVersion "1"]
[SourceVersionDate "2023.07.31"]
[SourceQuality "1"]

1. d4 d6 2. e4 Nf6 3. Nc3 g6 4. Nf3 Bg7 5. Be2 c6 6. a4 O-O 7. O-O Nbd7 8. h3
e5 9. dxe5 dxe5 10. Bc4 Qc7 11. Be3 Nb6 12. Bb3 Qe7 13. Qe2 Be6 14. Ra3 Nbd7
15. Ng5 Bxb3 16. Rxb3 b6 17. Qc4 h6 18. Nf3 Rfc8 19. Rd1 Bf8 20. Nh4 Kh7 21.
Ne2 b5 22. axb5 cxb5 23. Qxb5 Rxc2 24. Nc3 Rb8 25. Qa4 Rxb2 26. Rxb2 Rxb2 27.
Qxa7 Qe6 1/2-1/2

[Event "Kingston Invitational FIDE"]
[Site "Kingston University"]
[Date "2023.07.28"]
[Round "8.5"]
[White "Bergsson, Stefan"]
[Black "Josse, Mark"]
[Result "1/2-1/2"]
[WhiteElo "2169"]
[BlackElo "2175"]
[PlyCount "50"]
[EventDate "2023.07.24"]
[EventType "tourn"]
[EventRounds "9"]
[EventCountry "ENG"]
[SourceTitle "BritBase"]
[Source "John Saunders"]
[SourceDate "2023.07.31"]
[SourceVersion "1"]
[SourceVersionDate "2023.07.31"]
[SourceQuality "1"]

1. e4 c5 2. Nf3 e6 3. d4 cxd4 4. Nxd4 a6 5. Bd3 Bc5 6. Nb3 Ba7 7. Nc3 Nc6 8.
Qe2 d6 9. O-O b5 10. a4 b4 11. Nd1 a5 12. Bb5 Bd7 13. Bf4 e5 14. Be3 Nf6 15.
Bg5 h6 16. Bh4 g5 17. Bg3 Nd4 18. Nxd4 Bxd4 19. c3 bxc3 20. Nxc3 O-O 21. Bxd7
Bxc3 22. Bc6 Rc8 23. Bb7 Rb8 24. bxc3 Rxb7 25. h4 Rb3 1/2-1/2